000 00711nam a22002297a 4500
005 20170124110201.0
010 _aA-953893
020 _c150.00
035 _aA-953893
037 _bCen Lib/Ret
040 _aDPL
_bEN
082 _a954.08
_bSEB
100 _aSebastien, A
_974268
245 _aDupleix as seen by Anandaranga Pillai /
_cby A. Sebastien
260 _aPudhucheri
_bAnandaranga Pillai Research Centre
_c1997
270 _a6 (43) Tamil Selvi Street, Kamaraj Nagar
_bPudhucheri
_e605011
300 _a247p.
_c21cm(Hb)
500 _aIncludes bibliographical references
650 _aHistory
_974269
650 _aHistory--India
_974270
942 _2ddc
_cEN
_h954.08
_mSEB
999 _c132920
_d132920